"ESPINOZA, JOSE LUIS – DÍAZ, MIGUEL ANGEL – CULLIQUEO, JOSÉ ADRIAN – DÍAZ, WALTER – CAMPOS, LAUTARO S/ HOMICIDIO TRIPLEMENTE AGRAVADO" / (Record no. 736)
[ view plain ]
| 000 -CABECERA | |
|---|---|
| Campo de control de longitud fija | 01999nam a22002537a 4500 |
| 008 - ELEMENTOS DE LONGITUD FIJA -- INFORMACION GENERAL (NR) | |
| Campo de control de longitud fija | 230328s2022 ag ||||| |||| 00| 0 spa d |
| 020 ## - TIPO DE RESOLUCION Y NUMERO | |
| Número de Resolución | 101/22 |
| Tipo de Resolución | Interlocutorias |
| 110 ## - ASIENTO PRINCIPAL--NOMBRE CORPORATIVO (NR) | |
| Nombre corporativo o de jurisdicción como elemento de entrada (NR) | Tribunal Superior de Justicia - Sala Penal |
| 9 (RLIN) | 18 |
| 245 11 - CARATULA | |
| Caratula | "ESPINOZA, JOSE LUIS – DÍAZ, MIGUEL ANGEL – CULLIQUEO, JOSÉ ADRIAN – DÍAZ, WALTER – CAMPOS, LAUTARO S/ HOMICIDIO TRIPLEMENTE AGRAVADO" / |
| Mención de responsabilidad, etc. (NR) | Tribunal Superior de Justicia - Sala Penal |
| 260 ## - PUBLICACION, DISTRIBUCION, ETC. (PIE DE IMPRENTA) (R) | |
| Fecha de publicación, distribución, etc. (R) | 2022 |
| 300 ## - DESCRIPCION FISICA (R) | |
| Extensión (R) | 21 p. |
| Otros detalles físicos (NR) | |
| 505 1# - NOTA DE CONTENIDO CON FORMATO PREESTABLECIDO (R) | |
| Nota de contenido con formato preestablecido (NR) | SE RESUELVE:<br/>I.- DECLARAR LA INADMISIBILIDAD del recurso extraordinario federal deducido por el Señor Fiscal General Dr. José Ignacio Gerez (art. 3°, incisos “d” y “e”, de la Acordada n° 4/07 de la CSJN).<br/>II.- DECLARAR LA INADMISIBILIDAD del recurso extraordinario federal articulado por el señor Defensor Particular Dr. Gustavo Palmieri, a favor del imputado Elio Mauricio Díaz (arts. 1° y 3°, incisos “d” y “e”, de la Acordada n° 4/07 de la CSJN).<br/>III.- Regístrese, notifíquese y oportunamente, remítanse las actuaciones a la oficina Judicial de la circunscripción que corresponda.<br/> |
| 518 ## - NOTA DE FECHA/HORA Y LUGAR DE UN EVENTO (R) | |
| Fecha de la Resolución (NR) | 13/12/2022 |
| 700 1# - FIRMANTES - NOMBRE PERSONAL (R) | |
| Nombre personal (NR) | Elosu Larumbe, Alfredo Alejandro |
| 9 (RLIN) | 12 |
| 700 1# - FIRMANTES - NOMBRE PERSONAL (R) | |
| Nombre personal (NR) | Gennari Maria Soledad |
| 9 (RLIN) | 27 |
| 774 ## - NUMERO DE LEGAJO | |
| Número de Legajo | LEG MPFCU 37997/2020 |
| 856 ## - LOCALIZACION Y ACCESO ELECTRONICOS (R) | |
| Identificador Uniforme del Recurso (“URI”) (R) | <a href="http://jurispenal.jusneuquen.gov.ar/cgi-bin/koha/opac-retrieve-file.pl?id=558fcf735efb5718b6ed37ccb4d81583">http://jurispenal.jusneuquen.gov.ar/cgi-bin/koha/opac-retrieve-file.pl?id=558fcf735efb5718b6ed37ccb4d81583</a> |
| Texto del vínculo (R) | Texto completo |
| 856 ## - LOCALIZACION Y ACCESO ELECTRONICOS (R) | |
| Identificador Uniforme del Recurso (“URI”) (R) | <a href="http://jurispenal.jusneuquen.gov.ar/cgi-bin/koha/opac-detail.pl?biblionumber=673">http://jurispenal.jusneuquen.gov.ar/cgi-bin/koha/opac-detail.pl?biblionumber=673</a> |
| Texto del vínculo (R) | Sentencia de Responsabilidad |
| 856 ## - LOCALIZACION Y ACCESO ELECTRONICOS (R) | |
| Identificador Uniforme del Recurso (“URI”) (R) | <a href="http://jurispenal.jusneuquen.gov.ar/cgi-bin/koha/opac-detail.pl?biblionumber=674">http://jurispenal.jusneuquen.gov.ar/cgi-bin/koha/opac-detail.pl?biblionumber=674</a> |
| Texto del vínculo (R) | Sentencia de Imposición de la Pena |
| 856 ## - LOCALIZACION Y ACCESO ELECTRONICOS (R) | |
| Identificador Uniforme del Recurso (“URI”) (R) | <a href="http://jurispenal.jusneuquen.gov.ar/cgi-bin/koha/opac-detail.pl?biblionumber=675">http://jurispenal.jusneuquen.gov.ar/cgi-bin/koha/opac-detail.pl?biblionumber=675</a> |
| Texto del vínculo (R) | Sentencia del Tribunal de Impugnación |
| 856 ## - LOCALIZACION Y ACCESO ELECTRONICOS (R) | |
| Identificador Uniforme del Recurso (“URI”) (R) | <a href="http://jurispenal.jusneuquen.gov.ar/cgi-bin/koha/opac-detail.pl?biblionumber=735">http://jurispenal.jusneuquen.gov.ar/cgi-bin/koha/opac-detail.pl?biblionumber=735</a> |
| Texto del vínculo (R) | Inadmisibilidad de la Impugnación Extraordinaria |
| 942 ## - Elementos Agregados (KOHA) | |
| Fuente de clasificación o esquema de estanterías | Dewey Decimal Classification |
| Tipo de material Koha (Default) | Interlocutorias |
| 998 ## - Información de control local (RLIN) | |
| Catalogador | as |
No items available.

